LEADER 00886nam0-22002771i-450- 001 990005751590403321 005 19990530 035 $a000575159 035 $aFED01000575159 035 $a(Aleph)000575159FED01 035 $a000575159 100 $a19990530d1966----km-y0itay50------ba 101 0 $ager 105 $ay-------001yy 200 1 $a"Cantique" und "Hymne" in der französischen lyrik seit der Romantik$fvon Erika Keil 210 $aBonn$cRomanischen Seminar der Universität Bonn$d1966 215 $a259 p.$d21 cm 225 1 $aRomantische Versuche und Vorarbeiten$v18 700 1$aKeil,$bErika$0219822 801 0$aIT$bUNINA$gRICA$2UNIMARC 901 $aBK 912 $a990005751590403321 952 $aGLOTT. D IV E 7$bIST. GLOTT. 1569$fFLFBC 959 $aFLFBC 996 $a"Cantique" und "Hymne" in der französischen lyrik seit der Romantik$9571721 997 $aUNINA LEADER 01863oam 2200529I 450 001 9910463752403321 005 20170821192007.0 010 $a1-135-38127-5 010 $a0-203-95430-0 010 $a1-135-38120-8 024 7 $a10.4324/9780203954300 035 $a(CKB)2670000000545216 035 $a(EBL)1656153 035 $a(SSID)ssj0001132393 035 $a(PQKBManifestationID)12437886 035 $a(PQKBTitleCode)TC0001132393 035 $a(PQKBWorkID)11148608 035 $a(PQKB)11150699 035 $a(MiAaPQ)EBC1656153 035 $a(OCoLC)877868257 035 $a(EXLCZ)992670000000545216 100 $a20130331d2003 uy 0 101 0 $aeng 135 $aur|n|---||||| 181 $ctxt 182 $cc 183 $acr 200 10$aIndex to poetry in music $ea guide to the poetry set as solo songs by 125 major song composers /$fCarol June Bradley 210 1$aNew York :$cRoutledge,$d2003. 215 $a1 online resource (921 p.) 300 $a"List of composers"--P. xvii-xviii. 311 $a0-415-94302-7 327 $aCover; Title Page; Copyright Page; Dedication; Table of Contents; ACKNOWLEDGMENTS; INTRODUCTION; HOW TO USE THIS BOOK; BACKGROUND INFORMATION ABOUT THE DATA COLLECTION; LIST OF COMPOSERS; COLLECTED WORKS USED AS PUBLISHER; GUIDE; A; B; C; D; E; F; G; H; I; J; K; L; M; N; O; P; Q; R; S; T; U; V; W; X; Y; Z 330 $aFirst Published in 2003. Routledge is an imprint of Taylor & Francis, an informa company. 606 $aSongs$vIndexes 606 $aPoetry$vIndexes 608 $aElectronic books. 615 0$aSongs 615 0$aPoetry 676 $a016.782 700 $aBradley$b Carol June.$0876937 801 0$bFlBoTFG 801 1$bFlBoTFG 906 $aBOOK 912 $a9910463752403321 996 $aIndex to poetry in music$91964552 997 $aUNINA